1360 1892 1581 1080 1071 1115 1215 1093 1646 1569 1302 1148 1690 1412 1886 1199 1894 1806 1664 1370 1897 1608 1691 1865 1141 1908 1099 1379 1352 1934 1987 1483 1223 1353 1175 1623 1210 1184 1933 1236 1482 1517 1199 1371 1688 1790 1437 1553 1562 1548 1630 1810 1401 1741 1042 1408 1120 1107 1821 1872 1783 1182 1934 1880 1641 1233 1598 1111 1037 1332 1830 1605 1665 1270 1190 1995 1803 1191 1912 1232 1499 1824 1508 1094 1788 1625 1166 1567 1943 1317 1979 1105 1488 1517 1368 1952 1214 1963 1712 BCNSPRNW ULIB Ver.6.0+V

เปลี่ยนเป็นภาษาไทย

Change to English
 แสดงรายละเอียดบรรณานุกรม
  กลับหน้าหลัก

Brief Record : Get Marc (ISO 2709) : E-mail record : QR code < ปิดหน้าต่าง
LEADER : 00000nam a2200000Ia 4500
001    13399125423
003     ULIB
008    161011s2559 th a 000 0 tha d
020    ^a9786162798276
040    ^abra
060 04 ^aWJ752^bว145
100 0  ^aวชิร คชการ
245 10 ^aต่อมลูกหมากโตและมะเร็งต่อมลูกหมาก /^cวชิร คชการ
250    ^aพิมพ์ครั้งที่ 1
260    ^aกรุงเทพฯ :^bคณะแพทยศาสตร์โรงพยาบาลรามาธิบดี มหาวิทยาลัยมหิดล.,^c2559
300    ^a72 หน้า :^bภาพประกอบ ;^c22 ซม.
500    ^aหน้าปก ชื่อเรื่อง : คู่มือความรู้ภาคประชาชน เรื่องต่อมลูกหมากโต
650  2 ^aProstatic Hyperplasia
650  4 ^aต่อมลูกหมาก^xการรักษา
650  4 ^aต่อมลูกหมากโต^xคู่มือ
650  4 ^aต่อมลูกหมาก, โรค
945    ^p90^l0^i24915
945    ^p90^l0^i24916
945    ^p90^l0^i24917
945    ^p90^l0^i24918
945    ^p90^l0^i24919
995    ^aกัณชพร
999    ^aกัณชพร
รายการนี้ยังไม่มีแท็ก
คุณยังไม่ได้ล็อกอิน คุณสามารถมีกิจกรรมร่วมกับเว็บไซต์ได้ แต่ต้องล็อกอินก่อน ::
  ล็อกอิน

รายการสื่อสารสนเทศ

ลำดับที่ ประเภท เลขเรียก/บาร์โค้ด สถานที่ สถานะ
1. หนังสือสำรอง
หนังสือสำรอง
สถานะ=หนังสือเก่า
WJ752 ว145 ฉ.1 
  Barcode: 24915
ห้องสมุดวิทยาเขตนครสวรรค์
►ส่วนจัดเก็บหนังสือเก่า นว.
บนชั้น
  ขอยืม
2. วิทยาศาสตร์การแพทย์ และสุขภาพ
วิทยาศาสตร์การแพทย์ และสุขภาพ
สถานะ=หนังสือเก่า
WJ752 ว145 ฉ.2 
  Barcode: 24916
ห้องสมุดวิทยาเขตนครสวรรค์
►ส่วนจัดเก็บหนังสือเก่า นว.
บนชั้น
  ขอยืม
3. วิทยาศาสตร์การแพทย์ และสุขภาพ
วิทยาศาสตร์การแพทย์ และสุขภาพ
สถานะ=หนังสือเก่า
WJ752 ว145 ฉ.3 
  Barcode: 24917
ห้องสมุดวิทยาเขตนครสวรรค์
►ส่วนจัดเก็บหนังสือเก่า นว.
บนชั้น
  ขอยืม
4. วิทยาศาสตร์การแพทย์ และสุขภาพ
วิทยาศาสตร์การแพทย์ และสุขภาพ
สถานะ=หนังสือเก่า
WJ752 ว145 ฉ.4 
  Barcode: 24918
ห้องสมุดวิทยาเขตนครสวรรค์
►ส่วนจัดเก็บหนังสือเก่า นว.
บนชั้น
  ขอยืม
5. วิทยาศาสตร์การแพทย์ และสุขภาพ
วิทยาศาสตร์การแพทย์ และสุขภาพ
สถานะ=หนังสือเก่า
WJ752 ว145 ฉ.5 
  Barcode: 24919
ห้องสมุดวิทยาเขตนครสวรรค์
►ส่วนจัดเก็บหนังสือเก่า นว.
บนชั้น
  ขอยืม

รายการใกล้เคียง
    ผู้แต่ง [วชิร คชการ]

    หัวเรื่อง [ต่อมลูกหมาก, โรค]

BibComment


ยังไม่เคยถูกคอมเมนท์

คอมเมนท์ทรัพยากรรายการนี้
  คอมเมนท์: ต่อมลูกหมากโตและ..


 Copyright 2026. Bcnsprnw @Library